| Tag |
First Indicator |
Second Indicator |
Subfields |
| LEADER |
00000cas a2200000Ia 4500 |
| 001 |
in00000073805 |
| 005 |
20151008054716.0 |
| 008 |
750812d19782004mnuar 0 0eng d |
| 035 |
|
|
|a (OCoLC)ocm17998833
|
| 035 |
|
|
|a (OCoLC)17998833
|
| 035 |
|
|
|9 AAJ1456AM
|
| 040 |
|
|
|a EEM
|c EEM
|d SFR
|d OCL
|d UtOrBLW
|
| 049 |
|
|
|a TXAM
|
| 090 |
|
|
|a SF402
|b .U581
|
| 092 |
|
|
|a 636.9
|b B625
|
| 245 |
0 |
0 |
|a Fur rancher.
|p Blue book of fur farming.
|
| 246 |
3 |
0 |
|a Blue book of fur farming
|
| 264 |
|
1 |
|a Minneapolis, Minn. :
|b Communications Marketing,
|c 1978-
|
| 264 |
|
4 |
|c ©2004
|
| 300 |
|
|
|a volumes :
|b illustrations ;
|c 28 cm.
|
| 310 |
|
|
|a Annual
|
| 336 |
|
|
|a text
|b txt
|2 rdacontent
|
| 337 |
|
|
|a unmediated
|b n
|2 rdamedia
|
| 338 |
|
|
|a volume
|b nc
|2 rdacarrier
|
| 362 |
0 |
|
|a 1978-2004.
|
| 500 |
|
|
|a "Reference volume and buyers' guide."
|
| 500 |
|
|
|a Title from cover.
|
| 500 |
|
|
|a Published: Eden Prairie, MN : Dean Communications, <1982-> ; Chaska, MN : ZMAG Publishing, <1997->
|
| 500 |
|
|
|a Description based on: 1980 edition.
|
| 580 |
|
|
|a Published as a special issue of: Fur rancher.
|
| 650 |
|
0 |
|a Fur-bearing animals
|v Periodicals.
|
| 650 |
|
0 |
|a Fur trade
|v Periodicals.
|
| 650 |
|
0 |
|a Mink farming
|v Periodicals.
|
| 772 |
1 |
|
|t Fur rancher
|x 0744-7701
|
| 780 |
0 |
0 |
|t U.S. fur rancher. Blue book of fur farming
|
| 936 |
|
|
|a INC
|
| 994 |
|
|
|a C0
|b TXA
|
| 999 |
|
|
|a MARS
|
| 999 |
f |
f |
|s 3c6b2941-12cd-3b9e-8789-67deed0f30fb
|i a777e890-6368-33f4-8693-03ad1e7d8f63
|t 0
|
| 952 |
f |
f |
|p ric
|a Texas A&M University
|b Rellis Campus
|c Joint Library Facility
|d Remote Storage
|t 0
|e SF402 .U581
|h Library of Congress classification
|i unmediated -- volume
|l 1982
|m A14806479783
|
| 952 |
f |
f |
|p ric
|a Texas A&M University
|b Rellis Campus
|c Joint Library Facility
|d Remote Storage
|t 0
|e SF402 .U581
|h Library of Congress classification
|i unmediated -- volume
|l 2000
|m A14825727226
|
| 952 |
f |
f |
|p ric
|a Texas A&M University
|b Rellis Campus
|c Joint Library Facility
|d Remote Storage
|t 0
|e SF402 .U581
|h Library of Congress classification
|i unmediated -- volume
|k 2003
|m A14828667051
|
| 952 |
f |
f |
|p ric
|a Texas A&M University
|b Rellis Campus
|c Joint Library Facility
|d Remote Storage
|t 0
|e SF402 .U581
|h Library of Congress classification
|i unmediated -- volume
|l 1996
|m A14819469569
|
| 952 |
f |
f |
|p ric
|a Texas A&M University
|b Rellis Campus
|c Joint Library Facility
|d Remote Storage
|t 0
|e SF402 .U581
|h Library of Congress classification
|i unmediated -- volume
|l 1983
|m A14806479767
|
| 952 |
f |
f |
|p ric
|a Texas A&M University
|b Rellis Campus
|c Joint Library Facility
|d Remote Storage
|t 0
|e SF402 .U581
|h Library of Congress classification
|i unmediated -- volume
|l 1994
|m A14817641270
|
| 952 |
f |
f |
|p ric
|a Texas A&M University
|b Rellis Campus
|c Joint Library Facility
|d Remote Storage
|t 0
|e SF402 .U581
|h Library of Congress classification
|i unmediated -- volume
|l 1992
|m A14815375865
|
| 952 |
f |
f |
|p ric
|a Texas A&M University
|b Rellis Campus
|c Joint Library Facility
|d Remote Storage
|t 0
|e SF402 .U581
|h Library of Congress classification
|i unmediated -- volume
|l 1993
|m A14816554006
|
| 952 |
f |
f |
|p ric
|a Texas A&M University
|b Rellis Campus
|c Joint Library Facility
|d Remote Storage
|t 0
|e SF402 .U581
|h Library of Congress classification
|i unmediated -- volume
|l 1995
|m A14818700093
|
| 952 |
f |
f |
|p ric
|a Texas A&M University
|b Rellis Campus
|c Joint Library Facility
|d Remote Storage
|t 0
|e SF402 .U581
|h Library of Congress classification
|i unmediated -- volume
|l 1987
|m A14809689620
|
| 952 |
f |
f |
|p ric
|a Texas A&M University
|b Rellis Campus
|c Joint Library Facility
|d Remote Storage
|t 0
|e SF402 .U581
|h Library of Congress classification
|i unmediated -- volume
|l 1988
|m A14812553676
|
| 952 |
f |
f |
|p ric
|a Texas A&M University
|b Rellis Campus
|c Joint Library Facility
|d Remote Storage
|t 0
|e SF402 .U581
|h Library of Congress classification
|i unmediated -- volume
|k 2004
|m A14830688754
|
| 952 |
f |
f |
|p ric
|a Texas A&M University
|b Rellis Campus
|c Joint Library Facility
|d Remote Storage
|t 0
|e SF402 .U581
|h Library of Congress classification
|i unmediated -- volume
|k 2001
|m A14827189107
|
| 952 |
f |
f |
|p ric
|a Texas A&M University
|b Rellis Campus
|c Joint Library Facility
|d Remote Storage
|t 0
|e SF402 .U581
|h Library of Congress classification
|i unmediated -- volume
|l 1991
|m A14815555156
|
| 952 |
f |
f |
|p ric
|a Texas A&M University
|b Rellis Campus
|c Joint Library Facility
|d Remote Storage
|t 0
|e SF402 .U581
|h Library of Congress classification
|i unmediated -- volume
|k 2002
|m A14828608968
|
| 952 |
f |
f |
|p ric
|a Texas A&M University
|b Rellis Campus
|c Joint Library Facility
|d Remote Storage
|t 0
|e SF402 .U581
|h Library of Congress classification
|i unmediated -- volume
|l 1986
|m A14808672395
|
| 952 |
f |
f |
|p ric
|a Texas A&M University
|b Rellis Campus
|c Joint Library Facility
|d Remote Storage
|t 0
|e SF402 .U581
|h Library of Congress classification
|i unmediated -- volume
|l 1997
|m A14820479844
|
| 952 |
f |
f |
|p ric
|a Texas A&M University
|b Rellis Campus
|c Joint Library Facility
|d Remote Storage
|t 0
|e SF402 .U581
|h Library of Congress classification
|i unmediated -- volume
|l 1999
|m A14824043734
|
| 952 |
f |
f |
|p ric
|a Texas A&M University
|b Rellis Campus
|c Joint Library Facility
|d Remote Storage
|t 0
|e SF402 .U581
|h Library of Congress classification
|i unmediated -- volume
|l 1985
|m A14808777844
|
| 952 |
f |
f |
|p ric
|a Texas A&M University
|b Rellis Campus
|c Joint Library Facility
|d Remote Storage
|t 0
|e SF402 .U581
|h Library of Congress classification
|i unmediated -- volume
|l 1980
|m A14806479775
|
| 952 |
f |
f |
|p ric
|a Texas A&M University
|b Rellis Campus
|c Joint Library Facility
|d Remote Storage
|t 0
|e SF402 .U581
|h Library of Congress classification
|i unmediated -- volume
|l 1984
|m A14807511952
|
| 952 |
f |
f |
|p ric
|a Texas A&M University
|b Rellis Campus
|c Joint Library Facility
|d Remote Storage
|t 0
|e SF402 .U581
|h Library of Congress classification
|i unmediated -- volume
|l 1990
|m A14812229358
|
| 952 |
f |
f |
|p ric
|a Texas A&M University
|b Rellis Campus
|c Joint Library Facility
|d Remote Storage
|t 0
|e SF402 .U581
|h Library of Congress classification
|i unmediated -- volume
|l 1998
|m A14821640862
|
| 952 |
f |
f |
|p ric
|a Texas A&M University
|b Rellis Campus
|c Joint Library Facility
|d Remote Storage
|t 0
|e SF402 .U581
|h Library of Congress classification
|i unmediated -- volume
|l 1989
|m A14812229405
|
| 998 |
f |
f |
|a SF402 .U581
|s 1980,1982-2004
|t 0
|l Remote Storage
|